| 000 | 00508nam a2200169Ia 4500 | ||
|---|---|---|---|
| 008 | 230917s9999||||xx |||||||||||||| ||und|| | ||
| 020 | _cRS 425.00 | ||
| 040 |
_e5013834 _aMAIN |
||
| 041 | _aEnglish | ||
| 082 | _a005.1 G41S | ||
| 100 | _aGill, Nasib Singh | ||
| 245 | 0 | _aSoftware engineering: Software reliability, testing and quality assurance | |
| 260 |
_aNew Delhi _bKhanna Book Publishing _c2020 |
||
| 300 | _axxxiv, 622 p. | ||
| 500 | _a4565 12/09/2022 HBD22/9450 04/11/2022 Main Budget | ||
| 942 | _cBK | ||
| 999 |
_c5713 _d5713 |
||